Shi qi = Lost of

Bibliographic Details
Main Author: Hu Xuan
Format: Book
Published: Kuala Lumpur : Novum Organum Publishing House (M) Sdn. Bhd. , 2012
Subjects:

MARC

LEADER 00000cam a2200000 7i4500
001 0000165167
005 20251002120607.0
020 |a 9789863010746 
090 0 0 |a FMC   |b HUX 
100 0 |a Hu Xuan 
245 1 0 |a Shi qi = Lost of   |c Hu Xuan 
260 |a Kuala Lumpur :   |b Novum Organum Publishing House (M) Sdn. Bhd. ,   |c 2012 
300 |a 287p. ;   |c 20cm. 
650 0 0 |a Chinese fiction 
650 0 0 |a Chinese language 
999 |a 00261540   |b BUKU   |c FICTION MANDARIN COLLECTION   |e PERPUSTAKAAN KOMUNITI PETALING JAYA